00924cam a22002775a 4500001000500000005001700005020001800022040002800040050002200068082001000090100001600100245007700116246004100193250004600234260003400280300005800314490001600372500003200388505000800420520010800428521002000536521002000556650002200576650002600598650002200624309020240205131520.0 a9780439686174 aUWBcUWBdLEOdDLCbeng00aPZ7.W65535b 200300a813.61 aWillems, Mo10aDon't let the pigeon drive the bus! /cwords and pictures by Mo Willems.3 aDo not let the pigeon drive the bus! aFirst Scholastic printing, September 2004 aNew York :bScholastic c2003 a32 unnumbered pages : bcolor illustrations ;c24 cm. a The Pigeon aCol. ill. on lining papers. aE  aWhen a bus driver takes a break from his route, a very unlikely volunteer springs up to take his place. a280 bLexile  aE bRaz-Plus  1aPigeonsvFiction. 1aBus driversvFiction. 1aHumorous stories.